Atlas lingüístico y etnográfico de Andalucía / (Record no. 22878)
[ view plain ]
| 000 -LEADER | |
|---|---|
| campo de control de longitud fija | 01180nam a2200277 i 4500 |
| 001 - NÚMERO DE CONTROL | |
| campo de control | 22878 |
| 003 - IDENTIFICADOR DE NÚMERO DE CONTROL | |
| campo de control | ES-MaACL |
| 005 - FECHA Y HORA DE LA ÚLTIMA TRANSACCIÓN | |
| campo de control | 20240523102031.0 |
| 007 - CAMPO FIJO DE DESCRIPCIÓN FÍSICA--INFORMACIÓN GENERAL | |
| campo de control de longitud fija | t| |
| 008 - DATOS DE LONGITUD FIJA--INFORMACIÓN GENERAL | |
| campo de control de longitud fija | 021205m19611964it ||||1| spa d |
| 080 ## - NÚMERO DE LA CLASIFICACIÓN DECIMAL UNIVERSAL | |
| Número de la Clasificación Decimal Universal | 811.134.2(468.1)(084.4) |
| 080 ## - NÚMERO DE LA CLASIFICACIÓN DECIMAL UNIVERSAL | |
| Número de la Clasificación Decimal Universal | 39(468.1)(084.4) |
| 100 1# - ENTRADA PRINCIPAL--NOMBRE DE PERSONA | |
| Nombre de persona | Alvar, Manuel, |
| Fechas asociadas al nombre | 1923-2001 |
| 9 (RLIN) | 20583 |
| 245 10 - MENCIÓN DEL TÍTULO | |
| Título | Atlas lingüístico y etnográfico de Andalucía / |
| Mención de responsabilidad, etc. | Manuel Alvar, con la colaboración de A. Llorente y G. Salvador. |
| 260 ## - PUBLICACIÓN, DISTRIBUCIÓN, ETC. | |
| Lugar de publicación, distribución, etc. | Granada : |
| Nombre del editor, distribuidor, etc. | Universidad de Granada, |
| Fecha de publicación, distribución, etc. | 1961-1964. |
| 300 ## - DESCRIPCIÓN FÍSICA | |
| Extensión | 3 v. ; |
| Dimensiones | 36 cm. |
| 505 8# - NOTA DE CONTENIDO CON FORMATO | |
| Nota de contenido con formato | Contiene: 1. Agricultura e industrias con ella relacionadas -- 2. Vegetales. Animales silvestres. Ganadería. Industrias pecuarias. Animales domésticos. Apicultura -- 3. Usos y costumbres. Utensilios, viviendas, vocabulario |
| 596 ## - NOTA AL PIE DE IMPRENTA | |
| NOTA AL PIE DE IMPRENTA | Patrocinado por la Fundación Juan March |
| 650 #4 - PUNTO DE ACCESO ADICIONAL DE MATERIA--TÉRMINO DE MATERIA | |
| Término de materia o nombre geográfico como elemento de entrada | Lengua española- |
| Subdivisión geográfica | Andalucía- |
| Subdivisión de forma | Mapas. |
| 9 (RLIN) | 173984 |
| 651 #4 - PUNTO DE ACCESO ADICIONAL DE MATERIA--NOMBRE GEOGRÁFICO | |
| Nombre geográfico | Andalucía- |
| Subdivisión general | Usos y costumbres. |
| 9 (RLIN) | 159768 |
| 700 1# - ENTRADA AGREGADA--NOMBRE PERSONAL | |
| Nombre de persona | Llorente, A. |
| 9 (RLIN) | 72903 |
| 700 0# - ENTRADA AGREGADA--NOMBRE PERSONAL | |
| Nombre de persona | Salvador, Gregorio, |
| Fechas asociadas al nombre | 1927-2020 |
| 9 (RLIN) | 102071 |
| 710 2# - ENTRADA AGREGADA--NOMBRE DE ENTIDAD CORPORATIVA | |
| Nombre de entidad corporativa o nombre de jurisdicción como elemento de entrada | Universidad de Granada. |
| 9 (RLIN) | 7176 |
| 852 4# - LOCALIZACIÓN | |
| Ubicación | ES-MaACL |
| Número de control de estantería | B-7743-4 bis |
| Estatus retirado | Estado de pérdida | Estado de daño | No para préstamo | Biblioteca de origen | Biblioteca actual | Ubicación en estantería | Fecha de adquisición | Fuente de adquisición | Total de préstamos | Signatura topográfica completa | Código de barras | Visto por última vez | Precio de reemplazo | Tipo de ítem Koha |
|---|---|---|---|---|---|---|---|---|---|---|---|---|---|---|
| Biblioteca del Ateneo de Madrid | Biblioteca del Ateneo de Madrid | Sala Pardo Bazán | 17/01/2008 | B-7743-4 bis | 1023560 | 23/02/2023 | 23/02/2023 | Libro impreso |
